| 000 | 00799cam a2200229 4500 | ||
|---|---|---|---|
| 001 | ABS62504 | ||
| 008 | 000000n2000 000 0 eng u | ||
| 035 | _a(Sirsi) u107090 | ||
| 100 | _aHemsley, A. | ||
| 245 | _aHoles in the net | ||
| 260 | _c2000 | ||
| 490 |
_aBuilding _v265(8143) 30 June 2000, 57(1) |
||
| 520 | _aProfessional indemnity insurers are wanting to endorse surveyors' insurance with an exclusion clause removing cover for e-business transactions. Suggests caution may be justified as many firms' websites do not carry disclaimers. | ||
| 590 | _aABS | ||
| 650 | _aPROFESSIONAL INDEMNITY INSURANCE | ||
| 650 | _aEXCLUSION CLAUSE | ||
| 650 | _aE-COMMERCE | ||
| 650 | _aDISCLAIMERS | ||
| 650 |
_aInsurance _96249 |
||
| 690 | _aINFORMATION TECHNOLOGY-INTERNET | ||
| 942 | _n0 | ||
| 999 |
_c64040 _d64040 |
||